| 000 | 00763nam a2200181Ia 4500 | ||
|---|---|---|---|
| 008 | 100921s9999 xx 000 0 und d | ||
| 082 |
_b5064 _a301.2 थ 48 |
||
| 100 | _aसाने गुरूजी.अनु.जावडेकर शं.द.,भागवत स.ज. संपा. | ||
| 245 | _aसंस्कृतीचे भवितव्य. | ||
| 260 |
_bसुलभ राष्ट्रीय ग्रंथमाला,पुणे. _c1948 |
||
| 300 |
_a84 _b--- |
||
| 365 | _b1.25 | ||
| 520 | _aस.शा.संस्कृती. | ||
| 630 | _aसंस्कृतीचे भवितव्य. | ||
| 650 | _aस.शा.संस्कृती. | ||
| 730 | _aसंस्कृतीचे भवितव्य. | ||
| 942 | _cBOOK | ||
| 999 |
_c754177 _d754174 |
||